000 00794nam a2200229 a 4500
001 23787
003 BD-RjUL
005 20211209000954.0
008 140311r19481924nyu 001 0aeng d
035 _a(BD-RjUL)23852
040 _aNUN
_beng
_cNUN
_dBD-RjUL
041 _aeng
082 0 4 _a192
_bMIA 1948
100 1 _aMill, John Stuart,
_d1806-1873.
_973252
245 1 0 _aAutobiography of John Stuart Mill /
_cpublished from the original manuscript in the Columbia University Library ; with a preface by John Jacob Coss.
260 _aNew York :
_bColumbia University Press,
_cc194 [Printing 1948].
300 _avi, 240 p. ;
_c24 cm.
504 _aIncludes index.
600 1 0 _aMill, John Stuart,
_d1806-1873.
_975246
650 0 _aPhilosophers
_zEngland
_xBiography.
_95643
942 _2ddc
_cBK
999 _c23787
_d23787